Slavic Countries - Sudden Death - Statistics

General Stats
  • This quiz has been taken 138 times
  • The average score is 8 of 13
Answers on the Grid
Answers color-coded by a green-red scale on the quiz's grid according to % correct below.
Albania
Armenia
Azerbaijan
Belarus
Bosnia and Herzegovina
Bulgaria
Croatia
Cyprus
Czech Republic
Estonia
Georgia
Greece
Hungary
Italy
Latvia
Lithuania
Moldova
Mongolia
Montenegro
North Macedonia
Poland
Romania
Russia
Serbia
Slovakia
Slovenia
Turkey
Ukraine
 
Answer Stats
Answer % Correct
Bosnia and Herzegovina
74%
Croatia
74%
Czech Republic
68%
Bulgaria
66%
Belarus
65%
Serbia
59%
Slovenia
58%
Slovakia
55%
Ukraine
54%
Russia
53%
North Macedonia
51%
Poland
51%
Montenegro
50%
No matching quizzes found
Score Distribution
Percent of People with Each Score
Percentile by Number Answered
Your Score History
You have not taken this quiz